| 000 | 00381nam a22001697a 4500 | ||
|---|---|---|---|
| 005 | 20260123152952.0 | ||
| 020 | _a978-81-318-0428-5 | ||
| 041 | _aENG | ||
| 100 | _a Punmia.B.C | ||
| 245 | _aBuilding Construction | ||
| 250 | _aEleventh Edition | ||
| 260 |
_aMumbai _bLaxmi Publications _c2017 |
||
| 300 | _a668 | ||
| 650 | _aFS | ||
| 700 | _a Jain.A.K, Jain.A.K | ||
| 856 | _uFS | ||
| 999 |
_c61 _d61 |
||